书目信息 |
| 题名: |
信号与系统例题分析及习题
|
|
| 作者: | 乐正友 编著 | |
| 分册: | ||
| 出版信息: | 北京 清华大学出版社 1985 |
|
| 页数: | 493页 | |
| 开本: | 20cm | |
| 丛书名: | ||
| 单 册: | ||
| 中图分类: | TN911 , TN911-44 | |
| 科图分类: | ||
| 主题词: | 信号系统-无线电信号--解题 , 无线电信号-信号系统--解题 , 通信理论 | |
| 电子资源: | ||
| ISBN: | ||
| 000 | 00769nam0 2200277 45 | |
| 001 | 0185016937 | |
| 005 | 20040915113943.7 | |
| 010 | @dCNY2.80 | |
| 091 | @a15235.156 | |
| 100 | @a19951117d1985 em y0chiy0121 ea | |
| 101 | 0 | @achi |
| 102 | @aCN@b110000 | |
| 105 | @ay z 000yy | |
| 106 | @ar | |
| 200 | 10 | @a信号与系统例题分析及习题@Axin hao yu xi tong li ti fen xi ji xi ti@f乐正友等编著 |
| 210 | @a北京@c清华大学出版社@d1985 | |
| 215 | @a493页@d20cm | |
| 606 | @a信号系统-无线电信号@x解题 | |
| 606 | @a无线电信号-信号系统@x解题 | |
| 606 | 0 | @a通信理论 |
| 690 | @aTN911@v3 | |
| 690 | @aTN911-44@v3 | |
| 701 | 0 | @a乐正友@4编著@Ayue zheng you |
| 801 | 0 | @aCN@b深圳图书馆@c20040517 |
| 801 | 2 | @aCN@bNLC@c20040517 |
| 905 | @dTN911-44@e8(+)@f1@b141232 | |
| 信号与系统例题分析及习题/乐正友等编著.-北京:清华大学出版社,1985 |
| 493页;20cm |
| ISBN :CNY2.80 |
| ● |
| 相关链接 |
|
|
|
|
正题名:信号与系统例题分析及习题
索取号:TN911-44/8(+)
 
预约/预借
| 序号 | 登录号 | 条形码 | 馆藏地/架位号 | 状态 | 备注 |
| 1 | 0141231 | 001322713 | 第三借阅区/ [索取号:TN911-44/8(+)] | 在馆 | |
| 2 | 0141232 | 001957706 | 密集书库/ [索取号:TN911-44/8(+)] | 在馆 | |
| 3 | 0141233 | 001322679 | 密集书库/ [索取号:TN911-44/8(+)] | 在馆 | |
| 4 | 0141234 | 001322688 | 密集书库/ [索取号:TN911-44/8(+)] | 在馆 | |
| 5 | 0141235 | 202103222 | 第二样本阅览室/ [索取号:TN911-44/8(+)] | 在馆 |